Giáo trình chuyên đề rèn kĩ năng giải toán tiểu học

Giới thiệu các nội dung bài giảng và hướng dẫn tự học và giải toán tiểu học

Na minha lista:
Detalhes bibliográficos
Autor principal: Trần Diên Hiển
Formato: Livro
Idioma:Vietnamese
Publicado em: H. Đại học Sư phạm 2008
Assuntos:
Tags: Adicionar Tag
Sem tags, seja o primeiro a adicionar uma tag!
Thư viện lưu trữ: Trung tâm Học liệu Lê Vũ Hùng, Trường Đại học Đồng Tháp
LEADER 01048pam a22002778a 4500
001 00026679
005 20171026081023.0
008 110816s2008 ||||||viesd
020 |c 33000 
041 0 # |a vie 
082 1 4 |b GI108TR  |a 372.7 
100 1 # |a Trần Diên Hiển 
245 1 0 |a Giáo trình chuyên đề rèn kĩ năng giải toán tiểu học  |c Trần Diên Hiển 
260 # # |a H.  |b Đại học Sư phạm  |c 2008 
300 # # |a 182 tr.  |c 24 cm. 
520 3 # |a Giới thiệu các nội dung bài giảng và hướng dẫn tự học và giải toán tiểu học 
650 # 4 |a Giáo trình 
650 # 4 |a Toán 
650 # 4 |a Tiểu học 
650 # 4 |a Phương pháp giảng dạy 
852 # # |b Kho giáo trình  |j KGT.0031847, KGT.0031848 
852 # # |j KGT.0031848  |j KD.0010788  |j KGT.0031847 
852 # # |b Kho đọc  |j KD.0010788 
852 # # |b Kho mượn  |j KGT.0031847 
910 |d 16/08/2011 
980 # # |a Trung tâm Học liệu Lê Vũ Hùng, Trường Đại học Đồng Tháp